00996nam a22002657i 4500999001700000003000900017008004100026020002200067040007100089082001800160110003700178245004200215260003800257300003200295505013200327650002200459650001900481650002000500650002000520650002100540856002200561942001600583945002100599952011000620  c23540d23540AR-CdUCM260302b20222022 pe||||| |||| 00| 0 spa d  a978-84-19087-08-9  aMUNICIPALIDAD PROVINCIAL DEL CUSCOcBIBLIOTECA MUNICIPAL DEL CUSCO  aEP / 550bP11  aPlutón Ediciones 2022 /952373  aPlaneta Tierra : b500 Curiosidades /  aIndia :bPlutón Edicionesc2022  a192 páginas. :c24x18 cm.  aFormación de la Tierra -- Fósiles -- Suelos -- Tiempo -- Masas de agua -- Montañas -- Pastizales -- Desiertos -- Tornados  aHuracanes 952374  aSequias952375  aVolcanes922630  aTornados952376  aDesiertos919252  fwww.plutonkids.es  2ddccLIBROS  apbjrd02-03-2026  002ddc4070aSIbSIcCARTd2026-03-02eDonacióng30.00oEP / 550 / P11pSI00005164r2026-03-02yLIBROS